000
00305nam a2200109Ia 4500
008
200302s9999 xx 000 0 und d
100
_a
Xavier Barrali Altet
245
_a
The Early Middle Ages From Late Antiquity to A. D. 1000
260
_b
Benedikt Taschen Verlag Gmbh
260
_c
1997
300
_a
237 P.,
999
_c
2400
_d
2400